Państwa bez koloru czerwonego i białego na fladze - Statystyki

Ogólne statystyki
  • Ten quiz został rozwiązany 28 razy
  • Średni wynik to 5 z 12
Statystyki odpowiedzi
Kontynent Państwo % Poprawnych
Ameryka Płn. Jamajka
86%
Europa Ukraina
77%
Europa Szwecja
73%
Azja Kazachstan
45%
Australia i Oceania Palau
45%
Ameryka Płn. Bahamy
41%
Ameryka Płn. Barbados
41%
Afryka Tanzania
36%
Ameryka Płn. Saint Vincent i Grenadyny
27%
Afryka Gabon
18%
Afryka Rwanda
14%
Azja Sri Lanka
14%
Nie znaleziono quizów pasujących do podanych kryteriów
Rozkład punktacji
Procent ludzi z każdym wynikiem
Percentyl według liczby udzielonych odpowiedzi
Twoja historia wyników
Nie rozwiązałeś tego quizu